| 000 | 00418nam a2200157Ia 4500 | ||
|---|---|---|---|
| 005 | 20250305164701.0 | ||
| 008 | 231217s9999 xx 000 0 und d | ||
| 020 | _a9788131401460 | ||
| 082 | _a658.87 KES;1 R | ||
| 100 | _aKeskar, Dhanajay ed. | ||
| 245 | 0 | _aRetail industry : changing trends | |
| 260 |
_c2006 _bIcfai Books _aHyderabad |
||
| 300 | _axiii, 207 | ||
| 650 | _aRetail,changing,trends | ||
| 942 | _cAA | ||
| 999 |
_c191218 _d191218 |
||